Zachary Taylor Trivia - Statistics

General Stats
  • This quiz has been taken 11 times
  • The average score is 6 of 10
Answer Stats
Answer # Question Answer % Correct
2 Political Party of Zachary Taylor Whig
100%
9 What year did Taylor die 1850
70%
1 Who was his vice president Millard Fillmore
70%
7 Taylor owned 81 of these Slaves
70%
5 How many states did Taylor win 15
60%
3 Zachary Taylor's nickname Old Rough and Ready
60%
6 Taylor died of a _____ disease Stomach
50%
10 What US state was Taylor from Virginia
50%
4 Political party Taylor thought ofhimself as Independent
30%
8 What fort did Taylor defend in theWar of 1812 Fort Harrison
10%
No matching quizzes found
Score Distribution
Percent of People with Each Score
Percentile by Number Answered
Your Score History
You have not taken this quiz